000 00834nam a22002417a 4500
005 20250509113929.0
008 250509b |||||||| |||| 00| 0 eng d
020 _a978-87-7304-447-6 (hbk)
037 _cTB
040 _aAL
_cAL
041 _2eng
_aeng
084 _aP:2 R3
_qAL
245 _aStructuralism as one structuralism as many:
_bStudies in structuralisms
260 _aScientia Danica, UK:
_bRoyal Danish Academy of Sciences,
_c2023.
300 _a557p.
365 _b41.00
_cUSD
650 _aLinguistics
_9783961
650 _aMorphology
_9783962
700 _aCigana, Lorenzo
_eEditor
_9783963
700 _aGregersen Frans
_eEditor
_9783964
942 _2CC
_cTB
_hP:2 R3
_n0
999 _c1400696
_d1400696